000 00959nam a22003017a 4500
001 0028832
003 KOHA_MİRAKIL
005 20260207002642.0
007 ta
008 120307b2003 tu a|||gr||||#||||0|tur |
020 _a9756589248
_c0,01
040 _aTR-BiSEU
_btur
_cTR-BiSEU
_erda
041 0 _atur
044 _ctu
050 _aHD69
_b.S77 2003
245 0 _aStratejik ittifaklar/
_cçev: Ahmet Kardam.
264 1 _aİstanbul :
_bMESS
_c2003
300 _a208 sayfa :
_bşkl. ;
_c23 cm.
336 _ametin
_btxt
_2rdacontent
337 _aaracısız
_bn
_2rdamedia
338 _acilt
_bnc
_2rdacarrier
490 1 _aTürkiye Metal Sanayicileri Sendikası ;3vyayın no: 409
500 _aHarvard Business Review dergisinden seçmeler
650 0 _aStrategic alliances (Business).
_935029
650 0 _aStratejik ittifaklar (İşletme).
_957105
830 1 _aTürkiye Metal Sanayicileri Sendikası ;3vyayın no: 409
_957106
942 _2lcc
_cBK
999 _c28754
_d28754